[Event "CZE-chT2F 1516"]
[Site "Czech Republic"]
[Date "2016.04.17"]
[Round "11.34"]
[White "Raszka, Janusz"]
[Black "Palasek, Jan"]
[Result "1-0"]
[WhiteElo "2140"]
[BlackElo "2057"]
[PlyCount "83"]
[EventDate "2015.10.18"]
[EventType "team-tourn"]
[EventRounds "11"]
[EventCountry "CZE"]
[SourceTitle "EXT 2022"]
[Source "ChessBase"]
[SourceDate "2021.10.06"]
[SourceVersion "1"]
[SourceVersionDate "2021.10.06"]
[SourceQuality "1"]
[WhiteTeam "Cesky Tesin"]
[BlackTeam "Postoupky"]
[WhiteTeamCountry "CZE"]
[BlackTeamCountry "CZE"]

1. e4 c5 2. Nf3 d6 3. d4 cxd4 4. Nxd4 Nf6 5. Nc3 g6 6. Be2 Bg7 7. 0-0 0-0 8. Bg5 Nc6 9. Nb3 Be6 10. f4 Rc8 11. Kh1 a6 12. a4 Bxb3 13. cxb3 Qa5 14. Bc4 Rfd8 15. Qe2 h6 16. Bh4 Qh5 17. Qxh5 Nxh5 18. Rfd1 Bf6 19. Bf2 Ng7 20. Bb6 Re8 21. Rd2 Kf8 22. Nd5 Nb8 23. Nxf6 exf6 24. Rxd6 Rc6 25. Rxc6 Nxc6 26. Bd5 f5 27. e5 Ne6 28. g3 Rc8 29. Rc1 Ke7 30. b4 Kd7 31. Rc4 Ne7 32. Rxc8 Nxd5 33. Rb8 Nxb6 34. Rxb7+ Kc6 35. Rxf7 Nxa4 36. Rf6 Kd5 37. b3 Nc3 38. Rxg6 Na2 39. Rxh6 Nxb4 40. h4 Nd3 41. h5 Ndc5 42. Rh8 1-0

[Event "CZE-chT2E 1415"]
[Site "Czech Republic"]
[Date "2014.11.16"]
[Round "2.6"]
[White "Kocian, Miroslav"]
[Black "Palasek, Jan"]
[Result "0-1"]
[WhiteElo "2005"]
[BlackElo "1956"]
[PlyCount "112"]
[EventDate "2014.11.02"]
[EventType "team-tourn"]
[EventRounds "11"]
[EventCountry "CZE"]
[SourceTitle "EXT 2022"]
[Source "ChessBase"]
[SourceDate "2021.10.06"]
[SourceVersion "1"]
[SourceVersionDate "2021.10.06"]
[SourceQuality "1"]
[WhiteTeam "Zlin II"]
[BlackTeam "Postoupky"]
[WhiteTeamCountry "CZE"]
[BlackTeamCountry "CZE"]

1. e4 c5 2. b3 Nc6 3. Bb2 d6 4. f4 e6 5. Nf3 Nf6 6. Qe2 Be7 7. Rg1 Qc7 8. g3 a6 9. c4 b6 10. Bg2 Bb7 11. d4 Nxd4 12. Nxd4 cxd4 13. Bxd4 0-0 14. Nc3 Rac8 15. Rc1 d5 16. Na4 Nxe4 17. Bxe4 dxe4 18. Qg4 g6 19. Bxb6 Qd6 20. Qe2 Qb4+ 21. Qd2 Bc6 22. Qxb4 Bxb4+ 23. Nc3 Rb8 24. Bd4 f5 25. Ke2 Kf7 26. Rgd1 Rfd8 27. Be5 Rbc8 28. Rxd8 Rxd8 29. Rd1 Rxd1 30. Nxd1 Ke7 31. Ne3 Bd6 32. Bd4 Bc7 33. Nc2 e5 34. fxe5 Ke6 35. Nb4 Bb7 36. Ke3 Bxe5 37. Bxe5 Kxe5 38. Nc2 g5 39. b4 f4+ 40. Ke2 Bc6 41. Na3 Kd4 42. b5 axb5 43. Nxb5+ Kxc4 44. Nd6+ Kd4 45. Nf5+ Ke5 46. g4 h5 47. h3 hxg4 48. hxg4 Bd7 49. Nh6 Kf6 50. a3 Kg6 51. Ng8 Bxg4+ 52. Ke1 Bd7 53. Ne7+ Kf6 54. Nd5+ Ke5 55. Nb6 Bc6 56. a4 e3 0-1

[Event "Stare Mesto op"]
[Site "Stare Mesto"]
[Date "2013.08.13"]
[Round "6"]
[White "Palasek, Jan"]
[Black "Horsak, Jan"]
[Result "1/2-1/2"]
[WhiteElo "1809"]
[BlackElo "2108"]
[PlyCount "94"]
[EventDate "2013.08.09"]
[EventType "swiss"]
[EventRounds "10"]
[EventCountry "CZE"]
[SourceTitle "CBM 155 Extra"]
[Source "ChessBase"]
[SourceDate "2013.08.26"]
[SourceVersion "1"]
[SourceVersionDate "2013.08.26"]
[SourceQuality "1"]

1. e4 d6 2. Nc3 Nf6 3. f4 c5 4. Nf3 Nc6 5. Bb5 a6 6. Bxc6+ bxc6 7. d3 g6 8. 0-0 Bg7 9. h3 0-0 10. Qe1 Ne8 11. Kh1 Nc7 12. Qh4 e6 13. Qxd8 Rxd8 14. e5 Nb5 15. Ne4 dxe5 16. fxe5 Nd4 17. Bg5 Rf8 18. Nxd4 cxd4 19. Be7 Bxe5 20. Bxf8 Kxf8 21. Rae1 Ra7 22. Ng5 Bg3 23. Nxe6+ Kg8 24. Nxd4 Bxe1 25. Rxe1 Rc7 26. Nb3 c5 27. d4 cxd4 28. Nxd4 Kg7 29. Kg1 f5 30. Kf2 Kf6 31. b3 g5 32. c4 Rd7 33. Rd1 Rc7 34. Ke3 f4+ 35. Kd3 Bb7 36. Rd2 Re7 37. c5 Bd5 38. Nc2 a5 39. Kc3 Ke5 40. a3 h5 41. b4 f3 42. gxf3 Bxf3 43. Nd4 axb4+ 44. axb4 g4 45. hxg4 hxg4 46. b5 Rf7 47. Nxf3+ gxf3 1/2-1/2

[Event "Stare Mesto op"]
[Site "Stare Mesto"]
[Date "2013.08.09"]
[Round "1"]
[White "Zpevak, Pavel"]
[Black "Palasek, Jan"]
[Result "1-0"]
[WhiteElo "2386"]
[BlackElo "1809"]
[PlyCount "47"]
[EventDate "2013.08.09"]
[EventType "swiss"]
[EventRounds "10"]
[EventCountry "CZE"]
[SourceTitle "CBM 155 Extra"]
[Source "ChessBase"]
[SourceDate "2013.08.26"]
[SourceVersion "1"]
[SourceVersionDate "2013.08.26"]
[SourceQuality "1"]

1. d4 Nf6 2. Nf3 g6 3. c4 Bg7 4. Nc3 0-0 5. Bg5 d6 6. e3 Nbd7 7. Be2 c6 8. 0-0 Qc7 9. Qc2 Re8 10. Rad1 Nf8 11. h3 e5 12. dxe5 dxe5 13. Nd2 Ne6 14. Bh4 Rf8 15. Nde4 Ne8 16. c5 f5 17. Nd6 Nxc5 18. Nxc8 Rxc8 19. b4 Na6 20. Bc4+ Kh8 21. Be6 Rb8 22. Rd7 Qb6 23. Be7 Nf6 24. Na4 1-0

[Event "Morava-ch op"]
[Site "Kouty nad Desnou"]
[Date "2012.10.26"]
[Round "5"]
[White "Palasek, Jan"]
[Black "Nabelek, Marek"]
[Result "0-1"]
[WhiteElo "1789"]
[BlackElo "2200"]
[PlyCount "60"]
[EventDate "2012.10.24"]
[EventType "swiss"]
[EventRounds "9"]
[EventCountry "CZE"]
[SourceTitle "EXT 2015"]
[Source "ChessBase"]
[SourceDate "2014.11.20"]
[SourceVersion "1"]
[SourceVersionDate "2014.11.20"]
[SourceQuality "1"]

1. e4 c5 2. Nc3 Nc6 3. f4 g6 4. Nf3 Bg7 5. Bb5 d6 6. 0-0 Bd7 7. Bxc6 Bxc6 8. d3 Qd7 9. Qe1 Nf6 10. Rb1 0-0 11. Qh4 Qg4 12. Qxg4 Nxg4 13. Bd2 e6 14. h3 Nh6 15. Rbe1 Rfe8 16. Be3 b6 17. d4 f5 18. e5 Bxf3 19. Rxf3 cxd4 20. Bxd4 Nf7 21. Nb5 dxe5 22. fxe5 Re7 23. c4 Rc8 24. Rc3 Rd7 25. c5 bxc5 26. Rxc5 Rxc5 27. Bxc5 a6 28. Nd4 Nxe5 29. Nxe6 Nd3 30. Re3 f4 0-1

[Event "CZE-ch U16"]
[Site "Kouty nad Desnou"]
[Date "2012.03.17"]
[Round "9"]
[White "Svoboda, Matej"]
[Black "Palasek, Jan"]
[Result "1-0"]
[WhiteElo "1966"]
[BlackElo "1711"]
[PlyCount "83"]
[EventDate "2012.03.10"]
[EventType "swiss"]
[EventRounds "9"]
[EventCountry "CZE"]
[SourceTitle "EXT 2013"]
[Source "ChessBase"]
[SourceDate "2012.11.22"]
[SourceVersion "1"]
[SourceVersionDate "2012.11.22"]
[SourceQuality "1"]

1. e4 c5 2. Nf3 Nc6 3. d4 cxd4 4. Nxd4 g6 5. Nc3 Bg7 6. Be3 Nf6 7. Bc4 0-0 8. Bb3 Qa5 9. 0-0 d6 10. h3 Bd7 11. Re1 Nxd4 12. Bxd4 Bc6 13. Nd5 Rfe8 14. Bc3 Qd8 15. Nxf6+ Bxf6 16. Bxf6 exf6 17. Qd4 Qe7 18. Rad1 d5 19. Bxd5 Bxd5 20. Qxd5 Rad8 21. Qa5 Rxd1 22. Rxd1 Qxe4 23. Rd8 b6 24. Rxe8+ Qxe8 25. Qd2 Qb5 26. b3 Qe5 27. c4 b5 28. Qc1 Qc5 29. Qe3 Qxe3 30. fxe3 bxc4 31. bxc4 Kf8 32. Kf2 f5 33. Ke2 Ke7 34. Kd3 Kd6 35. Kd4 a6 36. c5+ Ke6 37. g3 f6 38. a3 g5 39. a4 h6 40. h4 h5 41. a5 f4 42. exf4 1-0

[Event "CZE-ch U16"]
[Site "Kouty nad Desnou"]
[Date "2012.03.14"]
[Round "6"]
[White "Machan, Jan"]
[Black "Palasek, Jan"]
[Result "1/2-1/2"]
[WhiteElo "2000"]
[BlackElo "1711"]
[PlyCount "131"]
[EventDate "2012.03.10"]
[EventType "swiss"]
[EventRounds "9"]
[EventCountry "CZE"]
[SourceTitle "EXT 2013"]
[Source "ChessBase"]
[SourceDate "2012.11.22"]
[SourceVersion "1"]
[SourceVersionDate "2012.11.22"]
[SourceQuality "1"]

1. e4 c5 2. c3 d5 3. exd5 Qxd5 4. d4 Nc6 5. Nf3 e5 6. Be3 cxd4 7. cxd4 Bg4 8. Nc3 Bb4 9. Be2 Nf6 10. dxe5 Bxc3+ 11. bxc3 Bxf3 12. Bxf3 Qxe5 13. Qb3 0-0 14. 0-0 Qc7 15. Rab1 b6 16. Qa4 Rac8 17. Bf4 Ne5 18. Bxe5 Qxe5 19. Qxa7 Qxc3 20. Rxb6 Rc7 21. Rb7 Rfc8 22. Rd1 g6 23. a4 Rxb7 24. Qxb7 Re8 25. g3 Re5 26. Kg2 Ra5 27. Rd8+ Kg7 28. Qe7 Qc5 29. Qxc5 Rxc5 30. Ra8 Rc3 31. a5 Ra3 32. a6 Nd7 33. a7 Kf6 34. Bc6 Ne5 35. Bb5 h5 36. h3 g5 37. Be2 h4 38. gxh4 gxh4 39. Bg4 Ng6 40. Kf1 Ne5 41. Ke2 Ra2+ 42. Ke3 Ra3+ 43. Ke2 Ra2+ 44. Kf1 Ra1+ 45. Kg2 Nxg4 46. hxg4 Ra3 47. Rh8 Rxa7 48. Rxh4 Kg6 49. Rh8 f5 50. Kg3 fxg4 51. Kxg4 Ra6 52. Rb8 Ra4+ 53. f4 Ra6 54. Rb1 Kg7 55. Kg5 Ra5+ 56. f5 Ra6 57. Rb7+ Kg8 58. Rb1 Rc6 59. Rh1 Kf7 60. Rh8 Rd6 61. Rh7+ Kg8 62. Rc7 Rb6 63. f6 Rb1 64. Rc5 Kf7 65. Rc7+ Kf8 66. Kg6 1/2-1/2

[Event "CZE-ch U16"]
[Site "Kouty nad Desnou"]
[Date "2012.03.12"]
[Round "3"]
[White "Palasek, Jan"]
[Black "Skalka, Jan"]
[Result "0-1"]
[WhiteElo "1711"]
[BlackElo "1809"]
[PlyCount "52"]
[EventDate "2012.03.10"]
[EventType "swiss"]
[EventRounds "9"]
[EventCountry "CZE"]
[SourceTitle "EXT 2013"]
[Source "ChessBase"]
[SourceDate "2012.11.22"]
[SourceVersion "1"]
[SourceVersionDate "2012.11.22"]
[SourceQuality "1"]

1. e4 c5 2. Nc3 e6 3. f4 Nc6 4. Nf3 d5 5. Bb5 Nf6 6. e5 Nd7 7. Bxc6 bxc6 8. d3 Qb6 9. b3 Be7 10. Na4 Qc7 11. c4 Nb6 12. Nc3 0-0 13. 0-0 f6 14. Qe2 a5 15. Ba3 a4 16. Qf2 axb3 17. axb3 Nd7 18. Rfe1 fxe5 19. fxe5 Nxe5 20. Rxe5 Bf6 21. Qxc5 Rxa3 22. Rxa3 Bxe5 23. Ra7 Qb8 24. d4 Bd6 25. Qa5 Bb4 26. Ra8 Bxa5 0-1

[Event "Morava-ch U14"]
[Site "Havirov"]
[Date "2008.10.27"]
[Round "5"]
[White "Palasek, Jan"]
[Black "Rohovska, Tereza"]
[Result "1-0"]
[WhiteElo "1647"]
[BlackElo "1429"]
[PlyCount "105"]
[EventDate "2008.10.25"]
[EventType "swiss"]
[EventRounds "9"]
[EventCountry "CZE"]
[SourceTitle "EXT 2009"]
[Source "ChessBase"]
[SourceDate "2008.11.26"]
[SourceVersion "1"]
[SourceVersionDate "2008.11.26"]
[SourceQuality "1"]

1. e4 e5 2. Nf3 Nc6 3. Bc4 Bc5 4. c3 Nf6 5. d4 exd4 6. e5 Ng4 7. cxd4 Bb4+ 8. Nc3 Bxc3+ 9. bxc3 d5 10. Bb5 0-0 11. h3 Nh6 12. 0-0 Nf5 13. Qe2 f6 14. Ba3 Rf7 15. g4 Nh6 16. exf6 Qxf6 17. Nh2 Qh4 18. Kg2 Bxg4 19. Nxg4 Nxg4 20. Qe1 Nh6 21. Bxc6 bxc6 22. Qe6 Qe4+ 23. Qxe4 dxe4 24. Rfe1 Re8 25. Rab1 Rf3 26. Rxe4 Rxf2+ 27. Kxf2 Rxe4 28. Rb7 g5 29. Rxc7 Nf5 30. Rxc6 Rf4+ 31. Kg1 Rh4 32. Rc5 Rf4 33. Bc1 Rf3 34. Bd2 Rd3 35. Rxf5 Rxd2 36. Rxg5+ Kf7 37. Ra5 Rd3 38. d5 Rxh3 39. Rxa7+ Kf6 40. Ra6+ Ke7 41. c4 Rc3 42. Rc6 h5 43. c5 h4 44. Re6+ Kd7 45. c6+ Kc7 46. Re7+ Kd6 47. Rd7+ Kc5 48. c7 Kb6 49. d6 h3 50. Rd8 Kb7 51. Rb8+ Ka7 52. c8Q Rxc8 53. Rxc8 1-0

[Event "CZE-ch U12"]
[Site "Sec u Chrudimi"]
[Date "2008.03.14"]
[Round "8"]
[White "Palasek, Jan"]
[Black "Vaclavicek, Lukas"]
[Result "0-1"]
[WhiteElo "1654"]
[BlackElo "1604"]
[PlyCount "64"]
[EventDate "2008.03.08"]
[EventType "swiss"]
[EventRounds "9"]
[EventCountry "CZE"]
[SourceTitle "EXT 2009"]
[Source "ChessBase"]
[SourceDate "2008.11.26"]
[SourceVersion "1"]
[SourceVersionDate "2008.11.26"]
[SourceQuality "1"]

1. e4 e5 2. Nc3 Nf6 3. Bc4 Bc5 4. d3 h6 5. f4 d6 6. Nf3 0-0 7. Rf1 Re8 8. fxe5 dxe5 9. h3 Nc6 10. g4 Nh7 11. Qe2 a6 12. Be3 Bxe3 13. Qxe3 Be6 14. Bb3 Bxb3 15. axb3 Nd4 16. 0-0-0 c6 17. Qf2 Nxf3 18. Qxf3 Ng5 19. Qf2 f6 20. h4 Ne6 21. Kb1 b5 22. Qd2 a5 23. Ne2 Qb6 24. Qc3 c5 25. Qd2 b4 26. c3 a4 27. bxa4 Rxa4 28. cxb4 cxb4 29. b3 Ra3 30. Qb2 Rea8 31. Rf3 Qa7 32. Nc1 Ra1+ 0-1

[Event "CZE-ch U12"]
[Site "Sec u Chrudimi"]
[Date "2008.03.10"]
[Round "3"]
[White "Palasek, Jan"]
[Black "Vyhnalek, Lukas"]
[Result "1/2-1/2"]
[WhiteElo "1654"]
[BlackElo "1757"]
[PlyCount "100"]
[EventDate "2008.03.08"]
[EventType "swiss"]
[EventRounds "9"]
[EventCountry "CZE"]
[SourceTitle "EXT 2009"]
[Source "ChessBase"]
[SourceDate "2008.11.26"]
[SourceVersion "1"]
[SourceVersionDate "2008.11.26"]
[SourceQuality "1"]

1. e4 e5 2. Nc3 Nf6 3. Bc4 Nxe4 4. Qh5 Nd6 5. Bb3 Be7 6. Nf3 0-0 7. Nxe5 g6 8. Qf3 Bf6 9. d4 Re8 10. Bf4 Nc6 11. 0-0-0 Nxe5 12. dxe5 Bxe5 13. Bxe5 Rxe5 14. h4 Rf5 15. Qe2 b6 16. g4 Rf6 17. g5 Rf5 18. Nd5 Kf8 19. Rhe1 Bb7 20. h5 Qxg5+ 21. f4 Qd8 22. hxg6 hxg6 23. Qe3 Bxd5 24. Bxd5 Rc8 25. Qc3 Qf6 26. Qh3 Rd8 27. Rf1 Rh5 28. Qa3 a5 29. Kb1 Kg7 30. Qg3 Nf5 31. Qf3 Re8 32. Rg1 Rh4 33. Be4 Nd6 34. Bd3 Rxf4 35. Qh3 Rb4 36. b3 Qe6 37. Qh2 Rh8 38. Qd2 Qe5 39. Rde1 Qf6 40. Rgf1 Qd8 41. Qc3+ Kg8 42. Qd2 Rhh4 43. a3 Rbd4 44. Qf2 Rdf4 45. Qxf4 Rxf4 46. Rxf4 g5 47. Rf3 g4 48. Rg3 Qh4 49. Reg1 f5 50. Bxf5 Kf7 1/2-1/2

[Event "CZE-ch U10"]
[Site "Zlate Hory"]
[Date "2006.03.17"]
[Round "8"]
[White "Kaftan, Petr"]
[Black "Palasek, Jan"]
[Result "1-0"]
[WhiteElo "1517"]
[BlackElo "1475"]
[PlyCount "115"]
[EventDate "2006.03.11"]
[EventType "swiss"]
[EventRounds "9"]
[EventCountry "CZE"]
[SourceTitle "EXT 2008"]
[Source "ChessBase"]
[SourceDate "2007.11.25"]
[SourceVersion "1"]
[SourceVersionDate "2007.11.25"]
[SourceQuality "1"]

1. d4 d5 2. c4 e6 3. Nf3 Nf6 4. Nc3 Nbd7 5. Bf4 Bd6 6. Bxd6 cxd6 7. cxd5 Nxd5 8. Nxd5 exd5 9. e3 0-0 10. Bd3 Nf6 11. 0-0 Bg4 12. Rc1 Qd7 13. h3 Bh5 14. Be2 Ne4 15. Nd2 Bxe2 16. Qxe2 Rac8 17. Nb3 Qa4 18. Ra1 Rc4 19. Rfc1 Rfc8 20. f3 Nf6 21. Rxc4 dxc4 22. Rc1 Rc6 23. Nd2 d5 24. b3 Qxa2 25. bxc4 Rxc4 26. Rxc4 dxc4 27. Qxc4 Qxc4 28. Nxc4 b5 29. Na5 Kf8 30. Kf2 Ke8 31. Ke2 Kd7 32. e4 Ke6 33. Kd3 Ne8 34. f4 f6 35. d5+ Kd6 36. Kd4 Nc7 37. e5+ fxe5+ 38. fxe5+ Kd7 39. Nb7 Na6 40. Nc5+ Nxc5 41. Kxc5 a6 42. e6+ Ke7 43. g3 g6 44. Kc6 b4 45. d6+ Kd8 46. e7+ Ke8 47. Kc7 b3 48. d7+ Kxe7 49. d8Q+ Kf7 50. Qd5+ Kf6 51. Qxb3 Kg7 52. Qe6 a5 53. h4 Kh6 54. Kd7 a4 55. Ke7 a3 56. Kf7 a2 57. Qe3+ g5 58. Qxg5# 1-0

[Event "CZE-ch U10"]
[Site "Zlate Hory"]
[Date "2006.03.16"]
[Round "7"]
[White "Palasek, Jan"]
[Black "Vyhnalek, Lukas"]
[Result "0-1"]
[WhiteElo "1475"]
[BlackElo "1481"]
[PlyCount "126"]
[EventDate "2006.03.11"]
[EventType "swiss"]
[EventRounds "9"]
[EventCountry "CZE"]
[SourceTitle "EXT 2008"]
[Source "ChessBase"]
[SourceDate "2007.11.25"]
[SourceVersion "1"]
[SourceVersionDate "2007.11.25"]
[SourceQuality "1"]

1. e4 e5 2. Nf3 Nf6 3. Nc3 Nc6 4. Bb5 Bb4 5. 0-0 0-0 6. d3 d6 7. Bg5 Bxc3 8. bxc3 Qe7 9. Re1 Nd8 10. d4 Ne6 11. Bxf6 Qxf6 12. h3 Nf4 13. Qd2 Nxh3+ 14. gxh3 Qxf3 15. Qd3 Qxd3 16. cxd3 Bxh3 17. Kh2 Bc8 18. Rab1 exd4 19. cxd4 a6 20. Ba4 b5 21. Bb3 c6 22. d5 cxd5 23. Bxd5 Rb8 24. a3 Bb7 25. Bxb7 Rxb7 26. Rec1 Rfb8 27. Rc6 Rb6 28. Rxb6 Rxb6 29. Rc1 g6 30. Kg3 Kg7 31. Kg4 h5+ 32. Kg5 f6+ 33. Kh4 b4 34. axb4 Rxb4 35. Rc6 d5 36. Rxa6 dxe4 37. dxe4 Rxe4+ 38. Kg3 g5 39. Kf3 Rf4+ 40. Ke3 h4 41. Ra1 Kg6 42. Rh1 f5 43. Rh3 Ra4 44. Ke2 Kh5 45. f3 g4 46. fxg4+ fxg4 47. Rh1 h3 48. Kf2 Kh4 49. Rg1 Ra2+ 50. Kf1 Ra1+ 51. Kf2 Rxg1 52. Kxg1 g3 53. Kh1 g2+ 54. Kg1 Kg4 55. Kf2 Kf4 56. Kg1 Kf3 57. Kh2 Kf2 58. Kxh3 g1Q 59. Kh4 Kf3 60. Kh5 Kf4 61. Kh6 Kf5 62. Kh7 Kf6 63. Kh8 Qg7# 0-1

[Event "CZE-ch U10"]
[Site "Zlate Hory"]
[Date "2006.03.12"]
[Round "2"]
[White "Palasek, Jan"]
[Black "Novotny, Richard"]
[Result "1/2-1/2"]
[WhiteElo "1475"]
[BlackElo "1250"]
[PlyCount "37"]
[EventDate "2006.03.11"]
[EventType "swiss"]
[EventRounds "9"]
[EventCountry "CZE"]
[SourceTitle "EXT 2008"]
[Source "ChessBase"]
[SourceDate "2007.11.25"]
[SourceVersion "1"]
[SourceVersionDate "2007.11.25"]
[SourceQuality "1"]

1. e4 e5 2. Nf3 d6 3. d4 exd4 4. Nxd4 Nf6 5. Nc3 Be7 6. Be2 0-0 7. 0-0 Nbd7 8. Bg5 h6 9. Bh4 Nb6 10. f4 c5 11. Nf3 Nxe4 12. Nxe4 Bxh4 13. Nxd6 Bf6 14. c3 Qc7 15. Nxc8 Raxc8 16. Ne1 Rcd8 17. Qc2 Nd5 18. Qa4 Rfe8 19. Bf3 1/2-1/2

[Event "CZE-ch U10a"]
[Site "Sec u Chrudimi"]
[Date "2004.03.07"]
[Round "2"]
[White "Palasek, Jan"]
[Black "Sedlar, Vit"]
[Result "1-0"]
[WhiteElo "1250"]
[BlackElo "1250"]
[PlyCount "37"]
[EventDate "2004.03.06"]
[EventType "swiss"]
[EventRounds "9"]
[EventCountry "CZE"]
[SourceTitle "EXT 2009"]
[Source "ChessBase"]
[SourceDate "2008.11.26"]
[SourceVersion "1"]
[SourceVersionDate "2008.11.26"]
[SourceQuality "1"]

1. e4 e5 2. Nf3 Nc6 3. Nc3 Nf6 4. Bb5 Bc5 5. 0-0 d6 6. d4 exd4 7. Nxd4 Bxd4 8. Qxd4 Bd7 9. Bxc6 Bxc6 10. Bg5 Qe7 11. Rae1 Qe6 12. e5 Ng4 13. exd6 Nxf2 14. Rxe6+ fxe6 15. Rxf2 Kd7 16. Qxg7+ Kxd6 17. Qe7+ Ke5 18. Qc5+ Bd5 19. Bf6# 1-0